Statistics for Arsenal different nationalities

Click here to take the quiz!

General Stats

  • This quiz has been taken 656 times
  • The average score is 36 of 46

Answer Stats

HintAnswer% Correct
WalcottEngland
99%
GabrielBrazil
97%
HenryFrance
97%
CazorlaSpain
97%
GnabryGermany
96%
RamseyWales
96%
MartinezArgentina
95%
SanchezChile
95%
CechCzech Republic
93%
ArshavinRussia
93%
VermaelenBelgium
92%
ElnenyEgypt
92%
FabianskiPoland
92%
BendtnerDenmark
91%
IwobiNigeria
91%
BergkampNetherlands
90%
Park Chu YoungSouth Korea
90%
VelaMexico
88%
GervinhoIvory Coast
87%
MiyaichiJapan
87%
OspinaColombia
86%
FontePortugal
86%
KallstromSweden
86%
SongCameroon
85%
MannoneItaly
80%
DjourouSwitzerland
78%
TavlaridisGreece
77%
StokesIreland
77%
CampbellCosta Rica
76%
ChamakhMorocco
73%
AdebayorTogo
72%
HlebBelarus
69%
LuzhnyUkraine
69%
BenayounIsrael
68%
ZelalemUSA
68%
EduardoCroatia
67%
ManningerAustria
66%
OzyakupTurkey
66%
KamaraFinland
60%
SkulasonIceland
56%
PoomEstonia
51%
StepanovsLatvia
51%
DanileviciusLithuania
45%
WrehLiberia
41%
ItongaCongo
33%
MuntasserLibya
27%

Score Distribution

Percentile by Number Answered

Percent of People with Each Score

Your Score History

You have not taken this quiz